| 000 | 00448cam a2200169ua 4500 | ||
|---|---|---|---|
| 020 | _c0.75 | ||
| 041 |
_amal _h |
||
| 082 |
_a894.8121 _bGOP/SO |
||
| 100 | _aGopala Kurup, Vennikkulam . | ||
| 245 |
_aSoundarya pooja / _cVennikkulam Gopala Kurup. _hTextual Documents |
||
| 260 |
_aKottayam : _bSahitya Pravarthaka Co-operative Society , _c1958. |
||
| 300 | _a48 ; . | ||
| 365 | _a0.75 | ||
| 504 | _a | ||
| 942 | _cBK | ||
| 999 |
_c5196 _d5196 |
||